00411nam a2200157Ia 4500001000500000005001700005008004100022041000800063082002300071100003100094245007500125260000900200300002800209650000800237654000800245411520260306145732.0260306t2007||||xx |||||||||||||| ||spa|| aESP a306.85bH12 Nº 93 aOrdeig Corsini, JorgeeAUT 0aPreparar la adolescencia :b¿qué puede hacer una familia cristiana? c2007 a246 páginas :c19 cm. aGEN aCED